[Event "La Fere op 8th"]
[Site "La Fere"]
[Date "2009.07.04"]
[Round "1"]
[White "Jacob, Gunnar"]
[Black "Paillard, Maximilien"]
[Result "0-1"]
[WhiteElo "2314"]
[BlackElo "1462"]
[PlyCount "66"]
[EventDate "2009.07.04"]
[EventType "swiss"]
[EventRounds "9"]
[EventCountry "FRA"]
[SourceTitle "CBM 131 Extra"]
[Source "ChessBase"]
[SourceDate "2009.09.03"]
[SourceVersion "2"]
[SourceVersionDate "2009.09.16"]
[SourceQuality "1"]

1. d4 d5 2. c4 c6 3. e3 Nf6 4. Bd3 e6 5. Nf3 Nbd7 6. 0-0 Be7 7. Bd2 dxc4 8. Bxc4 b5 9. Bd3 a6 10. e4 Nc5 11. Qe2 Nxd3 12. Qxd3 c5 13. e5 c4 14. Qe2 Nd5 15. Nc3 Bb7 16. Nxd5 Bxd5 17. Rab1 0-0 18. Qe3 Bxf3 19. gxf3 Qd5 20. Qe4 Rad8 21. Ba5 Qxe4 22. fxe4 Rxd4 23. f3 Bc5 24. Kg2 f6 25. Bc3 Rd7 26. exf6 gxf6 27. f4 Kf7 28. e5 Rg8+ 29. Kh3 Rd3+ 30. Kh4 Rg4+ 31. Kxg4 f5+ 32. Kh5 Rh3+ 33. Kg5 Be7# 0-1

[Event "Dundee & Angus op"]
[Site "Dundee"]
[Date "2009.??.??"]
[Round "3"]
[White "Jacob, Gunnar"]
[Black "Neave, George"]
[Result "1-0"]
[WhiteElo "2344"]
[BlackElo "2033"]
[PlyCount "77"]
[EventDate "2009.10.16"]
[EventType "swiss"]
[EventRounds "5"]
[EventCountry "SCO"]
[SourceTitle "EXT 2017"]
[Source "ChessBase"]
[SourceDate "2016.10.25"]
[SourceVersion "1"]
[SourceVersionDate "2016.10.25"]
[SourceQuality "1"]

1. d4 Nf6 2. c4 g6 3. Nc3 Bg7 4. e4 d6 5. Nge2 c6 6. Ng3 a6 7. a4 a5 8. Be2 Na6 9. Be3 Nb4 10. 0-0 h5 11. h3 h4 12. Nh1 d5 13. cxd5 cxd5 14. e5 Ne4 15. f3 Ng3 16. Bb5+ Kf8 17. Nxg3 hxg3 18. Ne2 Bxh3 19. Nxg3 Bf5 20. Qd2 e6 21. Rac1 Qh4 22. Kf2 Qd8 23. Bg5 Qb6 24. Nxf5 gxf5 25. Rfe1 Nc6 26. Bxc6 bxc6 27. Rc5 Kg8 28. Rec1 Rc8 29. Qxa5 Qxb2+ 30. Qd2 Qa3 31. a5 Qa4 32. Bf6 Rh5 33. Bxg7 Kxg7 34. R5c2 Qb5 35. Rb2 Qa6 36. Rb6 Qa8 37. Qb4 Rc7 38. Rb8 Qa6 39. Qf8+ 1-0

[Event "Dundee & Angus op"]
[Site "Dundee"]
[Date "2008.??.??"]
[Round "5"]
[White "Romilly, Peter J"]
[Black "Jacob, Gunnar"]
[Result "0-1"]
[WhiteElo "2233"]
[BlackElo "2346"]
[PlyCount "62"]
[EventDate "2008.10.17"]
[EventType "swiss"]
[EventRounds "5"]
[EventCountry "SCO"]
[SourceTitle "EXT 2017"]
[Source "ChessBase"]
[SourceDate "2016.10.25"]
[SourceVersion "1"]
[SourceVersionDate "2016.10.25"]
[SourceQuality "1"]

1. e4 c5 2. Nf3 d6 3. d4 cxd4 4. Nxd4 Nf6 5. Nc3 a6 6. Bg5 e6 7. f4 Be7 8. Qf3 Qa5 9. 0-0-0 Bd7 10. e5 dxe5 11. fxe5 Nc6 12. Nxc6 Bxc6 13. Qg3 Nh5 14. Qh4 Bxg5+ 15. Qxg5 g6 16. Be2 h6 17. Qe3 Ng7 18. Bf3 Bxf3 19. gxf3 Nf5 20. Qe4 0-0 21. Rd7 b5 22. a3 Rac8 23. Rhd1 Qb6 24. Kb1 Qf2 25. Qb7 Rb8 26. Qxa6 Qxf3 27. Nxb5 Qe2 28. a4 Qxe5 29. Ra7 Ne3 30. Rc1 Nc4 31. c3 Rb6 0-1

[Event "Dundee & Angus op"]
[Site "Dundee"]
[Date "2007.??.??"]
[Round "5"]
[White "Jacob, Gunnar"]
[Black "Findlay, David John"]
[Result "1-0"]
[WhiteElo "2348"]
[BlackElo "2111"]
[PlyCount "99"]
[EventDate "2007.10.19"]
[EventType "swiss"]
[EventRounds "5"]
[EventCountry "SCO"]
[SourceTitle "EXT 2017"]
[Source "ChessBase"]
[SourceDate "2016.10.25"]
[SourceVersion "1"]
[SourceVersionDate "2016.10.25"]
[SourceQuality "1"]

1. d4 c5 2. d5 e5 3. e4 d6 4. c4 Nd7 5. Nc3 Ne7 6. Bd3 a6 7. Nge2 Ng6 8. Be3 Be7 9. Qd2 h6 10. g3 Bg5 11. f4 exf4 12. gxf4 Bh4+ 13. Kd1 Rb8 14. Kc2 Qa5 15. a4 Nf6 16. e5 dxe5 17. Rhg1 Kf8 18. Rxg6 e4 19. Nxe4 Qxd2+ 20. Nxd2 fxg6 21. Bxc5+ Kf7 22. Nf3 g5 23. Ne5+ Kg8 24. Ng6 Bg4 25. Ne7+ Kf8 26. Nd4 Nd7 27. Bd6 Kf7 28. Ng6 Bf2 29. Nxh8+ Rxh8 30. Kc3 gxf4 31. Bxf4 Nc5 32. Bc2 Bh4 33. Rf1 Bf6 34. Be5 Nd7 35. Bxf6 Nxf6 36. Nf5 Bxf5 37. Bxf5 a5 38. Kd4 b6 39. Re1 g6 40. Be6+ Ke7 41. Bh3+ Kf7 42. Re6 Rb8 43. Rc6 h5 44. Rc7+ Kf8 45. Be6 Ng8 46. Ke5 Ne7 47. d6 Nf5 48. Rf7+ Ke8 49. d7+ Kd8 50. Rf8+ 1-0

[Event "Dundee & Angus op"]
[Site "Dundee"]
[Date "2007.??.??"]
[Round "3"]
[White "Jacob, Gunnar"]
[Black "Grant, Alan"]
[Result "1/2-1/2"]
[WhiteElo "2348"]
[BlackElo "2200"]
[PlyCount "101"]
[EventDate "2007.10.19"]
[EventType "swiss"]
[EventRounds "5"]
[EventCountry "SCO"]
[SourceTitle "EXT 2017"]
[Source "ChessBase"]
[SourceDate "2016.10.25"]
[SourceVersion "1"]
[SourceVersionDate "2016.10.25"]
[SourceQuality "1"]

1. d4 Nf6 2. c4 e6 3. Nf3 Bb4+ 4. Nbd2 0-0 5. e3 Nc6 6. Bd3 d6 7. e4 e5 8. d5 Ne7 9. a3 Bxd2+ 10. Bxd2 Ng6 11. g3 h6 12. h3 c6 13. Qb3 cxd5 14. cxd5 Ne8 15. Be3 Ne7 16. 0-0-0 Bxh3 17. Nd2 Bc8 18. f4 f6 19. Be2 b6 20. Kb1 Nc7 21. Nc4 Ba6 22. Bg4 Bc8 23. Be2 Ba6 24. Rh2 Qd7 25. fxe5 Bxc4 26. Qxc4 fxe5 27. Rh4 Ng6 28. Bg4 Qe7 29. Rh2 Rf6 30. Rc1 Ne8 31. Be6+ Rxe6 32. dxe6 Nf6 33. Rd2 Nf8 34. Rcd1 Rd8 35. Qc6 Ne8 36. Rf1 Nxe6 37. Qc4 Kh7 38. Qe2 Nf6 39. Qf3 Nc5 40. Bxc5 bxc5 41. Qf5+ Kg8 42. Rfd1 Kf7 43. Qf1 Qe6 44. Qa6 Ke7 45. Qxa7+ Rd7 46. Qa4 Qg4 47. Re1 Qxg3 48. Qc2 Qg6 49. Ree2 Qg4 50. a4 Ra7 51. Qc4 1/2-1/2

[Event "Travemuende op 23rd"]
[Site "Travemuende"]
[Date "2006.12.30"]
[Round "7"]
[White "Schmidt, Harald"]
[Black "Jacob, Gunnar"]
[Result "0-1"]
[WhiteElo "2355"]
[BlackElo "2304"]
[PlyCount "72"]
[EventDate "2006.12.27"]
[EventType "swiss"]
[EventRounds "7"]
[EventCountry "GER"]
[SourceTitle "CBM 115 Extra"]
[Source "ChessBase"]
[SourceDate "2007.01.10"]
[SourceVersion "1"]
[SourceVersionDate "2007.01.10"]
[SourceQuality "1"]

1. e4 c5 2. Nf3 d6 3. c3 Nf6 4. Be2 Bd7 5. d3 Bc6 6. 0-0 Nbd7 7. Bg5 g6 8. Qd2 h6 9. Bxf6 Nxf6 10. e5 Nd5 11. d4 cxd4 12. e6 fxe6 13. Nxd4 Bd7 14. Bd3 Kf7 15. c4 Nf6 16. Nc3 e5 17. Nf3 Bf5 18. c5 e4 19. Bc4+ e6 20. Nh4 d5 21. Bb3 Bxc5 22. Rac1 b6 23. h3 d4 24. Ne2 Nh5 25. Nxf5 gxf5 26. Nf4 Qg5 27. Bxe6+ Ke7 28. Nd5+ Kxe6 29. Qc2 Kxd5 30. b4 Rhg8 31. f4 Qxg2+ 32. Qxg2 Rxg2+ 33. Kxg2 Bxb4 34. Rc7 Rg8+ 35. Kf2 Nxf4 36. Rb1 Bc5 0-1

[Event "SCO-ch"]
[Site "Troon"]
[Date "2006.07.13"]
[Round "6"]
[White "Grant, Alan"]
[Black "Jacob, Gunnar"]
[Result "1/2-1/2"]
[WhiteElo "2193"]
[BlackElo "2316"]
[PlyCount "112"]
[EventDate "2006.07.08"]
[EventType "tourn"]
[EventRounds "9"]
[EventCountry "SCO"]
[SourceTitle "CBM 113 Extra"]
[Source "ChessBase"]
[SourceDate "2006.09.14"]
[SourceVersion "1"]
[SourceVersionDate "2006.09.14"]
[SourceQuality "1"]

1. e4 c5 2. Nf3 d6 3. d4 cxd4 4. Nxd4 Nf6 5. Nc3 a6 6. Be2 e5 7. Nb3 Be7 8. 0-0 0-0 9. Re1 Be6 10. Bf1 Nbd7 11. Nd5 Nxd5 12. exd5 Bf5 13. a4 Rc8 14. c3 a5 15. Be3 b6 16. Bb5 Nc5 17. Nc1 Bg5 18. Bc6 e4 19. b4 Nd3 20. Nxd3 exd3 21. Bxg5 Qxg5 22. Re3 Rc7 23. bxa5 bxa5 24. Rb1 Re7 25. Rxe7 Qxe7 26. Qd2 Qe4 27. h3 h5 28. Rd1 Rc8 29. c4 Qe2 30. Bb5 Rc5 31. f3 Kh7 32. Qxe2 dxe2 33. Rc1 Bc2 34. Kf2 Bd1 35. Rc3 Kg6 36. Re3 Kf6 37. h4 Rc7 38. f4 Re7 39. Rxe7 Kxe7 40. g3 f6 41. Ke1 Kd8 42. Bc6 Kc7 43. Be8 Bb3 44. Bb5 Bd1 45. Be8 Kb6 46. Bxh5 Kc5 47. Bxe2 Bxa4 48. g4 Kd4 49. g5 Bc2 50. Kd2 Be4 51. h5 fxg5 52. fxg5 a4 53. Bd1 Kxc4 54. Bxa4 Kxd5 55. h6 gxh6 56. gxh6 Ke6 1/2-1/2

[Event "Genrothes op"]
[Site "Glenrothes"]
[Date "2006.03.04"]
[Round "?"]
[White "Prince, Alan R"]
[Black "Jacob, Gunnar"]
[Result "0-1"]
[WhiteElo "1934"]
[BlackElo "2316"]
[PlyCount "70"]
[EventDate "2006.03.??"]
[EventType "swiss"]
[EventRounds "5"]
[EventCountry "SCO"]
[SourceTitle "EXT 2023"]
[Source "ChessBase"]
[SourceDate "2022.10.05"]
[SourceVersion "1"]
[SourceVersionDate "2022.10.05"]
[SourceQuality "1"]

1. e4 c5 2. Nf3 d6 3. d3 g6 4. g3 Bg7 5. Bg2 Nc6 6. 0-0 e5 7. c3 Nge7 8. Nh4 0-0 9. f4 exf4 10. gxf4 f5 11. Nf3 Kh8 12. Na3 Rb8 13. Qe1 Ng8 14. Bd2 b5 15. Nc2 Bd7 16. Qg3 Qc7 17. Rae1 Rbe8 18. Ng5 Nf6 19. Ne3 Ne7 20. Qh4 h6 21. e5 Nh5 22. Nf3 dxe5 23. fxe5 f4 24. Nd1 Nf5 25. Qf2 Be6 26. a3 g5 27. Bc1 Rd8 28. Qc2 g4 29. Nd2 Bxe5 30. Be4 f3 31. Bxf5 Bxh2+ 32. Kh1 Ng3+ 33. Kxh2 Nxf1+ 34. Kg1 Qh2+ 35. Kxf1 Qg2# 0-1

[Event "Genrothes op"]
[Site "Glenrothes"]
[Date "2006.03.03"]
[Round "?"]
[White "Marks, Ian Alexander"]
[Black "Jacob, Gunnar"]
[Result "0-1"]
[WhiteElo "1933"]
[BlackElo "2316"]
[PlyCount "96"]
[EventDate "2006.03.??"]
[EventType "swiss"]
[EventRounds "5"]
[EventCountry "SCO"]
[SourceTitle "EXT 2023"]
[Source "ChessBase"]
[SourceDate "2022.10.05"]
[SourceVersion "1"]
[SourceVersionDate "2022.10.05"]
[SourceQuality "1"]

1. e4 c5 2. Nf3 d6 3. d4 cxd4 4. Nxd4 Nf6 5. Nc3 a6 6. g3 e5 7. Nde2 b5 8. Bg2 Bb7 9. 0-0 Nbd7 10. h3 Rc8 11. g4 Nc5 12. Ng3 g6 13. f4 exf4 14. Bxf4 Ne6 15. e5 Qb6+ 16. Kh2 Bxg2 17. Kxg2 Nxf4+ 18. Rxf4 dxe5 19. Qe2 Qe6 20. Rf3 Bg7 21. Re1 0-0 22. g5 Nd7 23. Nge4 b4 24. Nd1 Qc4 25. Qxc4 Rxc4 26. c3 bxc3 27. Rxc3 Rxc3 28. Ndxc3 Rb8 29. b3 Nf8 30. Rd1 Ne6 31. Rd6 Ra8 32. Kg3 Bf8 33. Rd5 Rc8 34. Kg4 h5+ 35. Kf3 Nxg5+ 36. Nxg5 Rxc3+ 37. Ke4 f6 38. Ne6 Be7 39. Rd7 Kf7 40. Nc7 Rc6 41. Nd5 Re6 42. Nc7 Rd6 43. Rxd6 Bxd6 44. Nxa6 Ke6 45. b4 f5+ 46. Kf3 Kd5 47. b5 e4+ 48. Ke2 g5 0-1

[Event "BL2-West 0304"]
[Site "Germany"]
[Date "2004.??.??"]
[Round "?.4"]
[White "Hausrath, Daniel"]
[Black "Jacob, Gunnar"]
[Result "1/2-1/2"]
[WhiteElo "2445"]
[BlackElo "2250"]
[PlyCount "120"]
[EventDate "2003.12.14"]
[EventType "team-tourn"]
[EventRounds "9"]
[EventCountry "GER"]
[SourceTitle "CBM 100 Extra"]
[Source "ChessBase"]
[SourceDate "2004.07.06"]
[SourceVersion "2"]
[SourceVersionDate "2004.07.06"]
[SourceQuality "1"]
[WhiteTeam "Muelheim"]
[BlackTeam "Muenster"]
[WhiteTeamCountry "GER"]
[BlackTeamCountry "GER"]

1. Nf3 d5 2. g3 c6 3. Bg2 Bg4 4. c4 e6 5. 0-0 Nd7 6. cxd5 exd5 7. d3 Ngf6 8. Nc3 Be7 9. Qc2 Bxf3 10. Bxf3 d4 11. Ne4 Nxe4 12. Bxe4 Nc5 13. Bg2 0-0 14. b4 Ne6 15. Rb1 Qd7 16. Bd2 Rac8 17. Rfc1 Kh8 18. Qb3 a6 19. Rc2 Ng5 20. a4 Qf5 21. b5 axb5 22. axb5 Nh3+ 23. Bxh3 Qxh3 24. bxc6 Rxc6 25. Rxc6 bxc6 26. Qc4 Qh5 27. Qxd4 Qxe2 28. Bc3 Bf6 29. Qd6 Be7 30. Qd4 Bf6 31. Qd6 Be7 32. Qh6 f6 33. Qe3 Qxe3 34. fxe3 Rd8 35. Rb7 Bf8 36. Kf2 Kg8 37. Ke2 Ra8 38. Bb2 Bd6 39. Rd7 Bb4 40. Kd1 Re8 41. e4 Re7 42. Rd8+ Kf7 43. Rc8 c5 44. Kc2 Ke6 45. g4 Rb7 46. h4 h6 47. h5 Kd7 48. Rg8 Kd6 49. Ra8 Be1 50. Ra6+ Ke7 51. e5 fxe5 52. Bxe5 Kf7 53. Rc6 Bf2 54. g5 hxg5 55. h6 Kg8 56. hxg7 Rxg7 57. Bxg7 Kxg7 58. Kd2 g4 59. Ke2 g3 60. Kf3 Kf7 1/2-1/2

[Event "Travemuende op 19th"]
[Site "Travemuende"]
[Date "2002.12.29"]
[Round "6"]
[White "Bielmeier, Ludwig"]
[Black "Jacob, Gunnar"]
[Result "1-0"]
[WhiteElo "2174"]
[BlackElo "2226"]
[PlyCount "97"]
[EventDate "2002.12.21"]
[EventType "swiss"]
[EventRounds "7"]
[EventCountry "GER"]
[SourceTitle "EXT 2004"]
[Source "ChessBase"]
[SourceDate "2003.11.25"]
[SourceVersion "1"]
[SourceVersionDate "2003.11.25"]
[SourceQuality "1"]

1. Nf3 d5 2. d4 Nc6 3. c4 Bg4 4. Nc3 e6 5. cxd5 exd5 6. Bg5 Be7 7. Bxe7 Ngxe7 8. e3 0-0 9. Be2 Nc8 10. 0-0 Nb6 11. Ne1 Bxe2 12. Qxe2 Re8 13. Nf3 Re6 14. Rfc1 Ne7 15. Qc2 Ng6 16. Ne2 c6 17. a4 a5 18. Ne1 Nc4 19. b3 Nd6 20. Ng3 Nh4 21. Qe2 Rh6 22. Nd3 Qe7 23. Qe1 Nhf5 24. Rc5 Nxg3 25. hxg3 Qd8 26. Rc2 Qg5 27. Nf4 Ne4 28. Rac1 Qf5 29. f3 Nd6 30. Rc5 g5 31. g4 Qd7 32. Nh3 Qe7 33. Qd2 Re6 34. e4 dxe4 35. Nxg5 e3 36. Qd3 Rg6 37. Re5 Qd7 38. Qxe3 Re8 39. Re1 Rf8 40. Nh3 Nc8 41. Nf4 Rd6 42. d5 cxd5 43. Nxd5 f6 44. Ne7+ Kh8 45. Qh6 Rg8 46. Nxc8 Qxc8 47. Re7 Qc2 48. R1e4 Qc1+ 49. Qxc1 1-0

[Event "BL2-West 0102"]
[Site "Germany"]
[Date "2002.01.20"]
[Round "4.6"]
[White "Balster, Stefan"]
[Black "Jacob, Gunnar"]
[Result "1/2-1/2"]
[WhiteElo "2334"]
[BlackElo "2214"]
[PlyCount "86"]
[EventDate "2001.10.07"]
[EventType "team-tourn"]
[EventRounds "9"]
[EventCountry "GER"]
[SourceTitle "CBM 088 Extra"]
[Source "ChessBase"]
[SourceDate "2002.07.01"]
[SourceVersion "2"]
[SourceVersionDate "2002.07.01"]
[SourceQuality "1"]
[WhiteTeam "Gelsenkirchen"]
[BlackTeam "Muenster"]
[WhiteTeamCountry "GER"]
[BlackTeamCountry "GER"]

1. c4 e6 2. Nc3 d5 3. d4 Nf6 4. Nf3 Be7 5. e3 0-0 6. b3 c5 7. Bb2 cxd4 8. exd4 b6 9. Bd3 Bb7 10. 0-0 Nc6 11. a3 Rc8 12. Rc1 dxc4 13. bxc4 Na5 14. Ne5 Nd7 15. Qe2 Nxe5 16. dxe5 Bc5 17. Rcd1 Qh4 18. Nb5 a6 19. Nd6 Rc7 20. Nxb7 Rxb7 21. Be4 Rc7 22. Rd3 g6 23. Rh3 Qg5 24. Rg3 Qh6 25. Kh1 Rd8 26. Bc1 Qg7 27. Bg5 Be7 28. Bxe7 Rxe7 29. f4 Red7 30. c5 b5 31. c6 Rc7 32. Rd3 Rdc8 33. Rfd1 Qf8 34. Rc1 Nxc6 35. Qd2 Ne7 36. Rxc7 Rxc7 37. h3 Nd5 38. Bxd5 exd5 39. a4 Qc5 40. axb5 Qc1+ 41. Qxc1 Rxc1+ 42. Kh2 axb5 43. Rxd5 Rb1 1/2-1/2

[Event "BL2-West 0102"]
[Site "Germany"]
[Date "2001.10.07"]
[Round "1.8"]
[White "Jacob, Gunnar"]
[Black "Pedersen, Daniel Vesterbaek"]
[Result "0-1"]
[WhiteElo "2214"]
[BlackElo "2343"]
[PlyCount "86"]
[EventDate "2001.10.07"]
[EventType "team-tourn"]
[EventRounds "9"]
[EventCountry "GER"]
[SourceTitle "CBM 088 Extra"]
[Source "ChessBase"]
[SourceDate "2002.07.01"]
[SourceVersion "2"]
[SourceVersionDate "2002.07.01"]
[SourceQuality "1"]
[WhiteTeam "Muenster"]
[BlackTeam "Emsdetten"]
[WhiteTeamCountry "GER"]
[BlackTeamCountry "GER"]

1. d4 d5 2. c4 c6 3. Nf3 Nf6 4. Nc3 e6 5. Bg5 h6 6. Bxf6 Qxf6 7. Qb3 Qd8 8. e4 dxe4 9. Nxe4 Qa5+ 10. Ned2 Be7 11. Bd3 0-0 12. 0-0-0 Qb6 13. Qc3 c5 14. dxc5 Qxc5 15. Ne4 Qc7 16. h4 Nc6 17. g4 Qf4+ 18. Nfd2 Bb4 19. Qb3 a5 20. Bb1 f5 21. gxf5 a4 22. Qg3 Qxg3 23. Nxg3 exf5 24. h5 f4 25. Nge4 Nd4 26. Bd3 Bf5 27. a3 Bxd2+ 28. Kxd2 Rad8 29. Kc3 Nc6 30. Nc5 Bg4 31. Rdg1 Bf3 32. Rh3 Ne5 33. Bc2 Rc8 34. Kb4 Nc6+ 35. Kc3 Ne5 36. Kb4 Bg4 37. Rh4 b6 38. Nxa4 Rxc4+ 39. Kb3 Be6 40. Rc1 Rfc8 41. Bh7+ Kxh7 42. Rxc4 Rxc4 43. Nc3 f3 0-1

[Event "BL2-West 0001"]
[Site "Germany"]
[Date "2001.04.29"]
[Round "9.8"]
[White "Freise, Helmut"]
[Black "Jacob, Gunnar"]
[Result "0-1"]
[WhiteElo "2246"]
[BlackElo "2210"]
[PlyCount "68"]
[EventDate "2000.10.15"]
[EventType "team-tourn"]
[EventRounds "9"]
[EventCountry "GER"]
[SourceTitle "CBM 082 Extra"]
[Source "ChessBase"]
[SourceDate "2001.07.03"]
[SourceVersion "1"]
[SourceVersionDate "2001.07.03"]
[SourceQuality "1"]
[WhiteTeam "Andernach"]
[BlackTeam "Muenster"]
[WhiteTeamCountry "GER"]
[BlackTeamCountry "GER"]

1. d4 d5 2. Nf3 Nf6 3. Bg5 Ne4 4. Bf4 c5 5. e3 Qb6 6. Qc1 Nc6 7. c3 Bg4 8. h3 Bh5 9. Nbd2 Nxd2 10. Nxd2 cxd4 11. exd4 e5 12. Be3 exd4 13. cxd4 Bd6 14. Bd3 Nb4 15. Qc3 0-0 16. 0-0 Rfc8 17. Qb3 Nxd3 18. Qxd3 Bg6 19. Qb3 Qxb3 20. Nxb3 Rc2 21. Nc5 Rxb2 22. Rfc1 Rc8 23. Nd3 Rxc1+ 24. Bxc1 Re2 25. Bf4 Ba3 26. Nc5 Bb2 27. Kf1 Rxf2+ 28. Kxf2 Bxd4+ 29. Be3 Bxa1 30. Nxb7 d4 31. Bf4 Bd3 32. Bb8 a6 33. Ba7 Bc4 34. Nd6 Bxa2 0-1

[Event "BL2-West 0001"]
[Site "Germany"]
[Date "2000.11.12"]
[Round "2.8"]
[White "Jacob, Gunnar"]
[Black "Villwock, Martin"]
[Result "0-1"]
[WhiteElo "2210"]
[BlackElo "2122"]
[PlyCount "80"]
[EventDate "2000.10.15"]
[EventType "team-tourn"]
[EventRounds "9"]
[EventCountry "GER"]
[SourceTitle "CBM 082 Extra"]
[Source "ChessBase"]
[SourceDate "2001.07.03"]
[SourceVersion "1"]
[SourceVersionDate "2001.07.03"]
[SourceQuality "1"]
[WhiteTeam "Muenster"]
[BlackTeam "Katernberg"]
[WhiteTeamCountry "GER"]
[BlackTeamCountry "GER"]

1. e4 c5 2. Nc3 Nc6 3. f4 g6 4. Nf3 Bg7 5. Bb5 Nd4 6. 0-0 Nxb5 7. Nxb5 Nf6 8. e5 Nd5 9. d4 Qb6 10. c4 a6 11. cxd5 Qxb5 12. a4 Qc4 13. dxc5 Qxc5+ 14. Kh1 b5 15. Qd3 Bb7 16. Rd1 0-0 17. Be3 Qb4 18. Bd2 Qc5 19. Be3 Qb4 20. a5 Rac8 21. Rd2 Rc4 22. Rf2 e6 23. Nd2 Qxb2 24. Rb1 Rc1+ 25. Rxc1 Qxc1+ 26. Rf1 Qc8 27. dxe6 dxe6 28. Bb6 Qc6 29. Qe2 Rc8 30. Nf3 Bh6 31. Ng5 Qc2 32. Qg4 Bd5 33. h4 Rc3 34. Rf2 Qb1+ 35. Kh2 Rc1 36. Kg3 Rh1 37. Nf3 Be4 38. Be3 Bf5 39. Nd2 Qg1 40. Qe2 Rh3# 0-1

[Event "Sportland NRW-Cup"]
[Site "Senden"]
[Date "2000.10.03"]
[Round "4"]
[White "Jacob, Gunnar"]
[Black "Scholz, Christian"]
[Result "0-1"]
[WhiteElo "2210"]
[BlackElo "2324"]
[PlyCount "48"]
[EventDate "2000.10.??"]
[EventType "swiss"]
[EventRounds "9"]
[EventCountry "GER"]
[SourceTitle "EXT 2001"]
[Source "ChessBase"]
[SourceDate "2000.11.22"]
[SourceVersion "1"]
[SourceVersionDate "2000.11.22"]
[SourceQuality "1"]

1. e4 c5 2. Nc3 Nc6 3. f4 g6 4. Nf3 Bg7 5. Bb5 Nd4 6. a4 e6 7. e5 a6 8. Bc4 d5 9. exd6 Qxd6 10. d3 Nf6 11. a5 0-0 12. Ne5 b5 13. axb6 Bb7 14. 0-0 Qxb6 15. Ne2 Nc6 16. Nf3 Na5 17. Nc3 Nxc4 18. dxc4 Rfd8 19. Qe2 Ng4 20. Na4 Qc6 21. h3 Nh6 22. Qf2 Rac8 23. Be3 Bd4 24. Bxd4 cxd4 0-1

[Event "Oberliga NRW 0001 I"]
[Site "NRW"]
[Date "2000.09.24"]
[Round "1.2"]
[White "Jacob, Gunnar"]
[Black "Heinzel, Olaf"]
[Result "1/2-1/2"]
[WhiteElo "2210"]
[BlackElo "2389"]
[PlyCount "108"]
[EventDate "2000.09.24"]
[EventType "team-tourn"]
[EventRounds "9"]
[EventCountry "GER"]
[SourceTitle "EXT 2006"]
[Source "ChessBase"]
[SourceDate "2005.11.24"]
[SourceVersion "1"]
[SourceVersionDate "2005.11.24"]
[SourceQuality "1"]
[WhiteTeam "Muenster II"]
[BlackTeam "Essen Borbeck"]
[WhiteTeamCountry "GER"]
[BlackTeamCountry "GER"]

1. e4 c5 2. Nc3 Nc6 3. f4 e6 4. Nf3 a6 5. g3 d5 6. d3 Nf6 7. e5 Nd7 8. Bh3 g6 9. 0-0 b5 10. Bd2 Qb6 11. Be1 c4+ 12. d4 b4 13. Ne2 a5 14. Kh1 h5 15. Ng5 Ne7 16. Bf2 Qc6 17. Qd2 Nf5 18. Rab1 Bb7 19. Kg1 Be7 20. Bg2 Nb6 21. c3 b3 22. a3 Na4 23. h3 Qc7 24. Nf3 Nh6 25. Nh2 0-0-0 26. Nf3 Rdg8 27. Ng5 Qd8 28. Kh1 Qf8 29. Ng1 Nf5 30. N1f3 Bc6 31. Kg1 Ng7 32. Rfe1 Ne8 33. Be3 Nc7 34. Kf2 Nb5 35. Rh1 Kd7 36. Ra1 Ke8 37. Rhg1 Bd7 38. Rh1 Bc6 39. Rae1 Bd8 40. Qe2 Be7 41. Bc1 Rg7 42. g4 hxg4 43. hxg4 Rxh1 44. Rxh1 Nbxc3 45. bxc3 Bxa3 46. Bd2 Bb2 47. Qe3 Bxc3 48. Bxc3 Nxc3 49. Qxc3 Qb4 50. Qxb4 axb4 51. Nd2 Ba4 52. Ra1 b2 53. Rxa4 c3 54. Rxb4 c2 1/2-1/2

[Event "Oberliga NRW 9900 II"]
[Site "Germany"]
[Date "2000.03.22"]
[Round "7.4"]
[White "Jacob, Gunnar"]
[Black "Berg, Michael"]
[Result "1/2-1/2"]
[WhiteElo "2138"]
[BlackElo "2270"]
[PlyCount "68"]
[EventDate "1999.10.26"]
[EventType "team-tourn"]
[EventRounds "9"]
[EventCountry "GER"]
[SourceTitle "EXT 2001"]
[Source "ChessBase"]
[SourceDate "2000.11.22"]
[SourceVersion "1"]
[SourceVersionDate "2000.11.22"]
[SourceQuality "1"]
[WhiteTeam "Muenster II"]
[BlackTeam "Solingen II"]
[WhiteTeamCountry "GER"]
[BlackTeamCountry "GER"]

1. d4 Nf6 2. c4 g6 3. Nf3 Bg7 4. Nc3 0-0 5. e4 d6 6. Be2 e5 7. 0-0 Nc6 8. d5 Ne7 9. Nd2 c5 10. Rb1 a5 11. a3 Ne8 12. b4 axb4 13. axb4 b6 14. Qb3 f5 15. bxc5 bxc5 16. Qb6 Nf6 17. Qxd8 Rxd8 18. Bd3 Bh6 19. Nf3 Bxc1 20. Rfxc1 Ra3 21. Nd2 fxe4 22. Ndxe4 Nxe4 23. Bxe4 Ba6 24. Nb5 Bxb5 25. Rxb5 Rda8 26. g3 Ra1 27. Rcb1 Rxb1+ 28. Bxb1 Ra4 29. Bd3 Ra3 30. Bf1 Ra6 31. Bd3 Kf7 32. Rb7 Kf6 33. Rd7 h6 34. Kg2 Rb6 1/2-1/2